| 000 | 00423nam a2200145Ia 4500 | ||
|---|---|---|---|
| 008 | 220204s9999 xx 000 0 und d | ||
| 082 |
_aNR:063RG`1984' _bNAT |
||
| 245 | 0 | _aNational rubber conference 1984. Cochin | |
| 260 |
_aCochin _bIndian Rubber Growers Association _c1984 |
||
| 650 | _aCarbonblack | ||
| 650 | _aIndian rubber scene | ||
| 650 | _aPlantation labour | ||
| 650 | _aTripura rubber plantation | ||
| 942 | _cBK | ||
| 999 |
_c43557 _d43557 |
||